000
00285nam a22001337a 4500
008
170628b xxu||||| |||| 00| 0 eng d
020
_a
1558509542
041
_a
eng
080
_2
3 ED
_a
82
100
_a
22
101
_a
GJL
245
_a
KNPCK EM DEAD
_c
YATE.M.J
942
_2
udc
_c
BK
999
_c
19430
_d
19430